LEADER 01641nam a2200349 u 4500 001 000000053690 003 CaOOAMICUS 005 20070226115604.0 008 001120s1993 br u000 u por u 020 $a8515000760 035 $a10861846 040 $aPUL$bita 041 1 $apor$hlat 110 2 $aPapi (1878-1903 : Leo PP. XIII).$0(OLS)http://pul/name/1187 240 10$aRerum novarum.$lPortoghese.$0(OLS)http://pul/title/72013 245 10$aDa Rerum Novarum à Centesimus annus :$btexto completo das duas encíclicas /$ccom dois estudos de Roger Aubert e Michel Schooyans ; tradução Flávio Vieira de Souza. 260 $aSão Paulo :$bEd. Loyola,$c1993. 300 $a180 p. ;$c22 cm 500 $aTit. orig.: De Rerum novarum à Centesimus annus. 700 1 $aAubert, Roger,$d1914-$0(OLS)http://pul/name/3028 700 1 $aVieira de Souza, Flávio.$0(OLS)http://pul/name/38238 700 1 $aSchooyans, Michel,$d1930-$0(OLS)http://pul/name/7339 710 22$aPapi (1978-2005 : Iohannes Paulus PP. II)$tCentesimus annus.$0(OLS)http://pul/name/38239 850 $aPUL 852 $aPUL$W1$xDP1 Cons. Gen., Altre Classi 1$y22$m43 G 89$j70793$nBK-PRI$b $qStampati$B70793$CPULBib$Z2$F70793 $H $81 900 $aLeo PP.$bXIII,$d1810-1903$91187 900 $aLeo PP.$bXIII,$d1810-1903$91187 941 1 $a8 961 $aINV: 83230 996 $6020$a8515000760$9(OLS)http://pul/number/67664 996 $6245$aDa Rerum Novarum à Centesimus annus :$btexto completo das duas encíclicas$9(OLS)http://pul/title/72014 996 $6260$aSão Paulo :$bEd. Loyola$9(OLS)http://pul/publisher/68610 LEADER 01275nam a2200313 u 4500 001 000000064078 003 CaOOAMICUS 005 20070226121321.0 008 011113s1994 nyu u000 u eng u 020 $a0773491244 035 $a10909703 040 $aPUL(R)$bita 100 1 $aPreuss, Peter,$d1939-$0(OLS)http://pul/name/43359 245 10$aEpicurean ethics :$bkatastematic Hedonism /$cPeter Preuss. 260 $aLewiston :$bThe Edwin Mellin Press,$c1994. 300 $a281 p. ;$c23 cm 490 1 $aStudies in the history of philosophy ;$v24 500 $aComprende indice. 504 $aBibliografia: p. [265]-269. 650 4$aEpicureismo.$0(OLS)http://pul/subject/1463 650 4$aEtica$yEvo antico.$0(OLS)http://pul/subject/14136 830 0$aStudies in the history of philosophy ;$v24.$0(OLS)http://pul/title/85401 850 $aPUL 852 $aPUL$W1$xSL Filosofia 1$y2$m82 G 45$j83112$nBK-PRI$b $qStampati$B83112$CPULBib$Z2$F83112 $H $81 941 1 $a8 961 $aINV: 75234 996 $6020$a0773491244$9(OLS)http://pul/number/83173 996 $6245$aEpicurean ethics :$bkatastematic Hedonism$9(OLS)http://pul/title/85400 996 $6260$aLewiston :$bThe Edwin Mellin Press$9(OLS)http://pul/publisher/70781